000 02725cam a2200829 4500
008 090401t2001 xxu||||| |||| 00| 0 eng d
022 _a0308-6666
035 _a(Sirsi) u52429
041 _aeng
050 _a314.1
_c18
245 _aMonthly digest of statistics
260 _aLondon
_bStationery Office
_c2001-
505 _aNational accounts
505 _aPopulation and virtual statistics
505 _aLabour market
505 _aSocial services
505 _aLaw enforcement
505 _aAgriculture, food, drinks and tobacco
505 _aProduction, output and costs
505 _aEnergy
505 _aChemicals
505 _aMetals, engineering and vehicles
505 _aTextiles and other manufacturers
505 _aConstruction
505 _aTransport
505 _aRetailing
505 _aExternal trade in goods
505 _aUK balance of payments
505 _aGovernment finance
505 _aPrices and wages
505 _aLeisure
505 _aWeather
520 _aA monthly digest of statistics from government departments produced by the Office for National Statistics. The statistics are arranged by 20 themes (see above) and incorporate "Britain update", an economic and social overview of the UK. View at www.statistics.gov.uk.
650 _aBUILDING MATERIALS PRICES
650 _aBUSINESS INVESTMENT
650 _aCEREAL PRODUCTION
650 _aCONSTRUCTION STATISTICS
650 _aCONSTRUCTION OUTPUT STATISTICS
650 _aCRIME
650 _aCROPS
650 _aCROPS
650 _aDAIRY PRODUCTION
650 _aEMPLOYMENT LEVELS
650 _aENERGY CONSUMPTION
650 _aENERGY STATISTICS
650 _aENGINEERING
650 _aGDP
650 _aHOUSE BUILDING STARTS
650 _aLABOUR MARKET
650 _aLAND USE STATISTICS
650 _aPROPERTY-RURAL AND NATURAL ASSETS-AGRICULTURAL PROPERTY-LIVESTOCK
650 _aMANUFACTURING INVESTMENT
650 _aNATIONAL ACCOUNTS
650 _aOUTPUT STATISTICS
650 _aPOPULATION STATISTICS
650 _aPRODUCTIVITY LEVELS
650 _aPUBLIC SECTOR FINANCE
650 _aALL ITEMS RETAIL PRICES INDEX
650 _aRETAIL SALES
650 _aSTATISTICS
650 _aTRADE
650 _aTRANSPORT STATISTICS
650 _aBALANCE OF PAYMENTS
650 _aUNEMPLOYMENT TRENDS
650 _aWEATHER CONDITIONS
690 _aECONOMIC ISSUES
700 _aCowley, Michael
_xEditor
710 _aOffice for National Statistics
_92210
856 _uhttps://www.statistics.gov.uk/statbase/Product.asp?vlnk=611
_zView the digest on the Office for National Statistics website...
942 _n0
948 _c04/03/1997
999 _c93065
_d93065